FIFTY FIFTY all songs(until April 2025) - Statistics

General Stats
  • This quiz has been taken 15 times
  • The average score is 11 of 17
Answer Stats
Hint Answer % Correct
The Beginning: Cupid Cupid
100%
Love Tune SOS
91%
THE FIFTY Higher
82%
𝓓π“ͺ𝔂 & 𝓝𝓲𝓰𝓱𝓽 Pookie
82%
Pre-Release(Love Tune) Starry Night
82%
Pre-Release(𝓓π“ͺ𝔂 & 𝓝𝓲𝓰𝓱𝓽) Perfect Crime
73%
THE FIFTY Tell Me
73%
Love Tune Gravity
64%
Love Tune Push Your Love
64%
THE FIFTY Log in
55%
THE FIFTY Lovin' Me
55%
𝓓π“ͺ𝔂 & 𝓝𝓲𝓰𝓱𝓽 ADONIS
45%
𝓓π“ͺ𝔂 & 𝓝𝓲𝓰𝓱𝓽 Heartbreak
45%
𝓓π“ͺ𝔂 & 𝓝𝓲𝓰𝓱𝓽 Midnight Special
45%
Winter Glow Naughty or Nice
45%
Winter Glow When You Say My Name
45%
𝓓π“ͺ𝔂 & 𝓝𝓲𝓰𝓱𝓽 Work of Art
36%
No matching quizzes found
Score Distribution
Percent of People with Each Score
Percentile by Number Answered
Your Score History
You have not taken this quiz